The economics of the oil crisis : Theories of oil crisis, oil rent, and internationalization of capital in the oil industry (Record no. 41363)

MARC details
000 -LEADER
fixed length control field 00383nam a2200109Ia 4500
082 ## - DEWEY DECIMAL CLASSIFICATION NUMBER
Classification number 338.124.4:339.1
Item number BIN
100 ## - MAIN ENTRY--AUTHOR NAME
Personal name Bina, Cyrus
245 #4 - TITLE STATEMENT
Title The economics of the oil crisis : Theories of oil crisis, oil rent, and internationalization of capital in the oil industry
260 ## - PUBLICATION, DISTRIBUTION, ETC. (IMPRINT)
Place of publication New York
Name of publisher St. Martin's Press
Year of publication 1985
942 ## - ADDED ENTRY ELEMENTS (KOHA)
Koha item type Books
Holdings
Withdrawn status Lost status Damaged status Not for loan Home library Current library Date acquired Cost, normal purchase price Full call number Accession Number Koha item type
        RRII Library RRII Library 16/12/2021 300.00 338.124.4:339.1 BIN 21650 Books